000 00608nam a2200217 a 4500
999 _c5255
_d5255
001 5255
003 BD-JhCC
005 20171211174516.0
008 171211s1968 bg |||| ||a| 000 0 eng d
035 _a(BD-JhCC)5255
040 _aBD-JhCC
_dBD-JhCC
041 _aeng
082 _a330.1
_bSOB1968
100 _aSobhan, Rehman
245 _aBasic Democracies Works And Rural Development In East Pakistan /
_cRehman Sobhan
260 _aLahore
_aDacca :
_bOxford university Press,
_c1968.
300 _a328 p. :
_c21 cm.
650 _aEconomic Condition
_zEast Pakistan
942 _2ddc
_cBK